| 000 | 01031nam a22002175i 4500 | ||
|---|---|---|---|
| 001 | 163037 | ||
| 003 | ES-MaACL | ||
| 005 | 20250731001500.0 | ||
| 008 | 970526m18351913sp |||| | spa d | ||
| 040 |
_aCLM _bspa _cCLM |
||
| 245 | 0 | 0 |
_aMemorias de Don Enrique IV de Castilla _b: tomo II : contiene la colección diplomatica del mismo rey / _ccompuesta y ordenada por la Real Academia de la Historia. |
| 260 |
_aMadrid : _b[s.n.], _c1835-1913 ( _fEstablecimiento Tipográfico de Fortanet) |
||
| 300 |
_a733 p. ; _c28 cm. |
||
| 530 | _aDisponible en formato digital. | ||
| 595 | _aSegún Palau este el primer tomo de la obra: Cronicas de Enrique IV por Alonso de Palencia y Enriquez no se publicó. | ||
| 651 | 4 |
_aCastilla (Reino)- _xHistoria- _y1454-1474, Enrique IV _97991 |
|
| 710 | 2 |
_aReal Academia de la Historia (España) _96309 |
|
| 852 |
_aES-MaACL _jG-13986 _z-- Enc. pasta _q-- Sólo t.II |
||
| 856 |
_uhttp://bdh-rd.bne.es/viewer.vm?id=0000092839&page=1 _zBiblioteca Digital Hispánica |
||
| 999 |
_c163037 _d163037 |
||